| 000 | 00653nam a2200205 a 4500 | ||
|---|---|---|---|
| 005 | 20140310183345.0 | ||
| 008 | 070125s19uu xx 00 eng d | ||
| 020 | _a1558744681 | ||
| 050 |
_aPS 508.468 _b.C293 2008 |
||
| 100 | _aCanfield, Jack | ||
| 245 |
_aChicken soup for the teenage soul : _b101 stories of life, love and learning/ _cJack Canfield. |
||
| 260 |
_aDeerfield Beach, Florida : _bHealth Communications Inc, _c2008. |
||
| 300 |
_a353 p. : _bill. ; _c22 cm. |
||
| 521 | _aPSYCH | ||
| 650 |
_aTeenagers _xConduct of life. |
||
| 700 | _aHansen, Mark Victor | ||
| 700 | _aKirberger, Kimberly | ||
| 942 |
_cBK _2lcc _kFOR |
||
| 999 |
_c21914 _d21914 |
||